000 00570nam a2200229Ia 4500
003 OSt
005 20220924151527.0
006 a|||||r|||| 00| 0
007 ta
008 220923b |||||||| |||| 00| 0 ara d
024 _a338082
037 _cTextual
040 _aARTS
_cARTS
_bara
041 _2ara
_aara
082 _aO28,3x, H8
100 _aShalqani Ali Au.
_9224425
245 0 _aSurahtul jazair
260 _c1948
650 _aARABIC FICTION
_964594
942 _hO28,3x, H8
_cTEXL
_2CC
999 _c466882
_d466882